书目信息 |
| 题名: |
行思录
|
|
| 作者: | 吴岱峰 著 | |
| 分册: | ||
| 出版信息: | 芜湖 安徽师范大学出版社 2016 |
|
| 页数: | 246页 | |
| 开本: | 24cm | |
| 丛书名: | ||
| 单 册: | ||
| 中图分类: | G633.552 | |
| 科图分类: | ||
| 主题词: | 中学地理课--zhong xue di li ke--教学研究 | |
| 电子资源: | ||
| ISBN: | 978-7-5676-2469-6 | |
| 000 | 00910nam0 22002411 450 | |
| 001 | 0119165301 | |
| 005 | 20170619165301.0 | |
| 010 | @a978-7-5676-2469-6@dCNY39.80 | |
| 100 | @a20161123d2016 em y0chiy50 ea | |
| 101 | 0 | @achi |
| 102 | @aCN@b340000 | |
| 105 | @ay z 000yy | |
| 106 | @ar | |
| 200 | 1 | @a行思录@9hang si lu@e吴岱峰中学地理教育三十年@f吴岱峰著 |
| 210 | @a芜湖@c安徽师范大学出版社@d2016 | |
| 215 | @a246页@d24cm | |
| 330 | @a本书是作者吴岱峰近30年来地理教学实践的经验总结和研究成果的结晶。全书共分为四篇:“地理教育观念”篇,“地理教学研究”篇,“地理高考研究”篇,“地理教师素质与专业发展”篇。 | |
| 517 | 1 | @a吴岱峰中学地理教育三十年@9wu dai feng zhong xue di li jiao yu san shi nian |
| 606 | 0 | @a中学地理课@9zhong xue di li ke@x教学研究 |
| 690 | @aG633.552@v5 | |
| 701 | 0 | @a吴岱峰@9wu dai feng@f(1965~)@4著 |
| 801 | 0 | @aCN@b百万庄@c20170616 |
| 905 | @b1011375-80@dG633.552@e303@f6 | |
| 行思录:吴岱峰中学地理教育三十年/吴岱峰著.-芜湖:安徽师范大学出版社,2016 |
| 246页;24cm |
| ISBN 978-7-5676-2469-6:CNY39.80 |
| 本书是作者吴岱峰近30年来地理教学实践的经验总结和研究成果的结晶。全书共分为四篇:“地理教育观念”篇,“地理教学研究”篇,“地理高考研究”篇,“地理教师素质与专业发展”篇。 |
| ● |
| 相关链接 |
|
|
|
|
正题名:行思录
索取号:G633.552/303
 
预约/预借
| 序号 | 登录号 | 条形码 | 馆藏地/架位号 | 状态 | 备注 |
| 1 | 1011375 | 210113759 | 第一样本阅览室/ [索取号:G633.552/303] | 在馆 | |
| 2 | 1011376 | 210113768 | 教育系资料室/ [索取号:G633.552/303] | 在馆 | |
| 3 | 1011377 | 210113777 | 教育系资料室/ [索取号:G633.552/303] | 在馆 | |
| 4 | 1011378 | 210113786 | 教育系资料室/ [索取号:G633.552/303] | 在馆 | |
| 5 | 1011379 | 210113795 | 第四借阅区/ [索取号:G633.552/303] | 在馆 | |
| 6 | 1011380 | 210113802 | 第四借阅区/ [索取号:G633.552/303] | 在馆 |